Gaming Quiz

Random Gaming or Clickable Quiz

The Object of the Game Quiz Stats

 Plays Quiz Updated May 17, 2013

Also try: Games by Cupcake
Challenge
Share
Tweet
Embed
Score 0/35 Timer 08:00
6 Plays Today
% Correct
Battleship
90.3%
Operation
90.2%
Clue|Cluedo
89.9%
Twister
89.9%
Monopoly
89.7%
Jenga
89.5%
Chess
89.4%
Beer pong|Beirut
89.4%
Pictionary
88.4%
Scrabble
88.2%
Connect Four
87.6%
Trivial Pursuit
87%
Candy Land
83.3%
Hungry Hungry Hippos
83.2%
The Game of Life
83%
Bingo
81.8%
Risk
80.1%
Don’t Break the Ice
79.7%
% Correct
Scattergories
75%
Boggle
69.6%
Checkers|Draughts
66%
Mastermind
63.8%
Catch Phrase
63.7%
Cranium
63.4%
Stratego
59.9%
Trouble|Frustration
59.8%
Chutes|Snakes and Ladders
59.1%
Sorry!
57%
Mahjong
55.5%
Othello|Reversi
53.7%
Mancala
49.2%
Chinese Checkers
44.7%
Backgammon
41.1%
Parcheesi|Ludo
30.7%
Go
24.1%

You're not logged in!

Compare scores with friends on all Sporcle quizzes.
OR
Log In

You Might Also Like...

Show Comments

Extras

Top Quizzes Today


Score Distribution

Your Account Isn't Verified!

In order to create a playlist on Sporcle, you need to verify the email address you used during registration. Go to your Sporcle Settings to finish the process.

Report this User

Report this user for behavior that violates our Community Guidelines.

Details: